<?xml version="1.0" encoding="UTF-8"?>
<marc:record xmlns:marc="http://www.loc.gov/MARC21/slim">
   <marc:leader>00000nam a2200000 a 4500</marc:leader>
   <marc:datafield ind1="1" ind2=" " tag="100">
      <marc:subfield code="a">Halls, Stacey</marc:subfield>
      <marc:subfield code="4">aut</marc:subfield>
      <marc:subfield code="e">Verfasser/-in</marc:subfield>
   </marc:datafield>
   <marc:datafield ind1=" " ind2=" " tag="653">
      <marc:subfield code="a">England</marc:subfield>
   </marc:datafield>
   <marc:datafield ind1=" " ind2=" " tag="653">
      <marc:subfield code="a">Weibliche Jugend</marc:subfield>
   </marc:datafield>
   <marc:datafield ind1=" " ind2=" " tag="653">
      <marc:subfield code="a">Geschichte 1700-1799</marc:subfield>
   </marc:datafield>
   <marc:datafield ind1=" " ind2=" " tag="653">
      <marc:subfield code="a">Mutter-Tochter-Beziehung</marc:subfield>
   </marc:datafield>
   <marc:datafield ind1=" " ind2=" " tag="653">
      <marc:subfield code="a">Adoptivkind Motiv</marc:subfield>
   </marc:datafield>
   <marc:datafield ind1="0" ind2="0" tag="245">
      <marc:subfield code="a">Die Verlorenen</marc:subfield>
   </marc:datafield>
   <marc:datafield ind1="0" ind2="0" tag="245">
      <marc:subfield code="b">Roman</marc:subfield>
   </marc:datafield>
   <marc:datafield ind1=" " ind2="1" tag="264">
      <marc:subfield code="b">Pendo Verlag</marc:subfield>
      <marc:subfield code="c">2021</marc:subfield>
   </marc:datafield>
   <marc:datafield ind1="1" ind2=" " tag="520">
      <marc:subfield code="a">Klappentext: London 1754: Die junge Bess Bright, die in bitterer Armut, im Schlamm und Dreck des Londoner Hafens aufgewachsen ist, findet sich von einem Moment zum anderen in einem Alptraum wieder. Vor sechs Jahren musste sie ihre gerade zur Welt gekommene Tochter Clara ins Waisenhaus geben, außerstande, sie zu ernähren. Jetzt, da sie Clara endlich zu sich holen kann, sagt man Bess, dass ihre Tochter schon längst abgeholt wurde. Aber von wem?  Im Kampf um Clara muss Bess die gesellschaftlichen Schranken ihrer Zeit überwinden ... um durch Stärke und Liebe schließlich zu sich selbst zu finden.  Über den Autor und weitere Mitwirkende Stacey Halls, geboren 1989, wuchs in Rossendale, Lancashire auf. Neben einem Studium in Journalismus schrieb Halls u.a. für den Guardian, Psychologies und The Independent. Ihr erster Roman war in England das meistverkaufte Debüt 2019 und gewann den Betty Trask Award. Schon jetzt wird Stacey Halls als neue Stimme des authentischen historischen Romans gefeiert. »Die Verlorenen« ist ihr zweiter Roman.</marc:subfield>
   </marc:datafield>
   <marc:datafield ind1=" " ind2=" " tag="020">
      <marc:subfield code="a">9783866124950</marc:subfield>
      <marc:subfield code="9">9783866124950</marc:subfield>
   </marc:datafield>
</marc:record>
